| 000 | 00395nam a2200169Ia 4500 | ||
|---|---|---|---|
| 003 | OSt | ||
| 005 | 20140322113011.0 | ||
| 008 | 140130s9999 xx 000 0 und d | ||
| 020 | _a1864941820 | ||
| 050 |
_aTR 280 _bTr67 2000 |
||
| 245 | _aTransport / | ||
| 260 |
_bScholastic, _aAustralia : _c2000. |
||
| 300 |
_a30 p. : _bill. ; _c27 cm. |
||
| 440 | _v1 | ||
| 942 |
_cBK _2lcc |
||
| 999 |
_c41955 _d41955 |
||